000 00519nam a2200169 a 4500
005 20140412111232.0
008 010522s19uu xx 00 eng d
020 _a0-86734-022-3
050 _aTR(GS 372.4
_bR43 1983
245 _aSchool readiness activities, bk.1 :
_bpre-school workbook.
260 _aCalifornia :
_bFrank Schaffer Publications, Inc,
_c1983.
300 _a48p. ; ill.
440 _aBasic Learning Series
650 _aReading activities
650 _aReading
_xStudy and teaching
999 _c102221
_d102221